00521cam a22001457a 4500008004000000082001400040100001600054245007700070260002600147300001000173650004100183650004700224999001900271952008500290180718b1991 xxu||||| |||| 00| 0 eng d aA99 M697n aMitra, Asok aNew India, 1948-1955: memories of an Indian civil servantcby Asok Mitra aBombaybPopularc1991 a156p. aCivil service - Personnel narratives aMitra, Asok - Criticism and interpretation c349179d349179 00104070aIIPAbIIPAd1993-10-29oA99 M697np65874r2018-07-21w2018-07-21yBK